000 00362nam a2200133Ia 4500
008 230411s9999 xx 000 0 und d
041 _aeng
082 _aMS/616.028/URD/B07053
100 _aUrden Linda
_9179356
245 _aCritical Care Nursing : Diagnosis and management
260 _bMosby
_aSt Louis
_c2010
300 _a1206p
999 _c157247
_d157247